Estudio de factibiliad económica del proyecto de carretera Tilarán-Puerto Viejo

Gorde:
Xehetasun bibliografikoak
Egile nagusia: Meléndez Cerda, Edgar
Formatua: Ezezaguna
Argitaratua: [San José, Costa Rica] 1974
Gaiak:
Etiketak: Etiketa erantsi
Etiketarik gabe, Izan zaitez lehena erregistro honi etiketa jartzen!

MARC

LEADER 00000 a2200000 4500
003 011470
005 20221231143821.0
008 140114s1974 cr a m 000 ||s d
040 |c cru CEDI 
090 |a TFG 552 
100 |a Meléndez Cerda, Edgar  |9 16691 
245 |a Estudio de factibiliad económica del proyecto de carretera Tilarán-Puerto Viejo 
260 |c 1974  |a [San José, Costa Rica] 
300 |a  68 hojas : cuadros, mapas (algunas plegables)  
500 |a Tesis (Ingeniero Civil) Universidad de Costa Rica.  
650 |x CARRETERA TILARAN-PUERTO VIEJO  |9 16674 
942 |c TFG 
999 |c 12428  |d 12428